000 00359 a2200157 4500
001 177785
020 _a
040 _cMagnum
100 _aQueiroz, Eça de
240 1 0 _aA correspondencia de fradique mendes
_lpor
245 1 0 _aA correspondencia de fradique mendes
362 0 _a1899
440 1 _aEdiouro
697 _aMAGNITO: A/FICCAO
942 _cBK
999 _c177785
_d177785